00173nam a2200061Ia 4500008004100000100001600041245005400057120527s9999 xx 000 0 und d aAron & Aron aStatistics for the behavioral and social sciences